000
00221nam a22000857a 4500
008
170128b xxu||||| |||| 00| 0 eng d
100
_9
2625
_a
Gupta.R.G.
245
_a
Composite Mathematics-8
260
_a
New Delhi
_b
S. Chand
_c
2011
999
_c
5770
_d
5770